000 005380000a22001690004500
090 _aAR
_b00953
245 1 0 _aReport on cavernicole and epigean spiders from the Yucatan Peninsula
650 1 4 _aArañas
_994141
650 1 4 _aEntomología
_94483
650 1 4 _aSistemática animal
_992968
650 1 4 _aCavernas
_993465
651 4 _lPenínsula de Yucatán
_pMéxico
_992749
041 0 _aInglés
100 1 _aGertsch, Willis J.
_994142
942 _cARTICULO
773 1 _tAssociation for Mexican Cave Studies Bulletin
_3340
_h6
_q103-131
_d1977
999 _c10041
_d10041